[Event "DEM U16w 2021"]
[Site "Willingen GER"]
[Date "2021.08.28"]
[Round "8"]
[White "Albayrak, Nese Pinar"]
[Black "Cordes, Jule"]
[Result "0-1"]
[Termination "normal"]
[Board "7"]
[WhiteElo "1546"]
[BlackElo "1790"]
[WhiteClock "00:00:57"]
[BlackClock "00:02:42"]
[PlyCount "152"]
[WhiteFideId "16255259"]
[BlackFideId "1060708"]
[EventCountry "GER"]
[EventRounds "9"]
[EventType "swiss"]
[EventDate "2021.08.22"]

1. e4 {[%clk 1:30:57]} c5 {[%clk 1:30:54]} 2. Nf3 {[%clk 1:31:23]} Nc6 {[%clk
1:31:16]} 3. d4 {[%clk 1:31:47]} cxd4 {[%clk 1:31:37]} 4. Nxd4 {[%clk 1:32:05]}
g6 {[%clk 1:31:55]} 5. c4 {[%clk 1:30:58]} Bg7 {[%clk 1:32:18]} 6. Be3 {[%clk
1:31:19]} Nf6 {[%clk 1:32:37]} 7. Nc3 {[%clk 1:31:24]} d6 {[%clk 1:32:39]} 8.
Be2 {[%clk 1:31:20]} O-O {[%clk 1:32:29]} 9. f3 {[%clk 1:29:35]} Nxd4 {[%clk
1:31:51]} 10. Bxd4 {[%clk 1:29:44]} Bd7 {[%clk 1:31:18]} 11. Qd2 {[%clk
1:28:15]} Bc6 {[%clk 1:29:45]} 12. O-O-O {[%clk 1:28:10]} Nd7 {[%clk 1:28:55]}
13. Bxg7 {[%clk 1:27:29]} Kxg7 {[%clk 1:29:11]} 14. g4 {[%clk 1:26:25]} Qb6
{[%clk 1:21:28]} 15. h4 {[%clk 1:21:10]} a5 {[%clk 1:10:18]} 16. h5 {[%clk
1:13:18]} Rh8 {[%clk 1:07:28]} 17. f4 {[%clk 1:01:55]} a4 {[%clk 0:59:30]} 18.
f5 {[%clk 0:55:38]} a3 {[%clk 0:56:10]} 19. b3 {[%clk 0:53:32]} Qa5 {[%clk
0:48:19]} 20. Rh3 {[%clk 0:45:20]} Rad8 {[%clk 0:34:35]} 21. Rdh1 {[%clk
0:30:19]} Qa8 {[%clk 0:33:54]} 22. fxg6 {[%clk 0:25:38]} hxg6 {[%clk 0:32:38]}
23. h6+ {[%clk 0:21:13]} Kh7 {[%clk 0:28:59]} 24. Qd4 {[%clk 0:17:22]} Rhg8
{[%clk 0:26:04]} 25. Nb1 {[%clk 0:11:54]} Qa5 {[%clk 0:25:12]} 26. Nd2 {[%clk
0:09:05]} Qe5 {[%clk 0:20:23]} 27. Nf3 {[%clk 0:08:20]} Qf4+ {[%clk 0:15:13]}
28. Qd2 {[%clk 0:07:07]} Qxd2+ {[%clk 0:15:13]} 29. Kxd2 {[%clk 0:06:56]} f6
{[%clk 0:15:16]} 30. g5 {[%clk 0:02:38]} Bxe4 {[%clk 0:13:32]} 31. gxf6 {[%clk
0:02:52]} exf6 {[%clk 0:13:56]} 32. Re1 {[%clk 0:02:58]} g5 {[%clk 0:12:14]}
33. Nd4 {[%clk 0:02:29]} Ne5 {[%clk 0:11:18]} 34. Re3 {[%clk 0:01:25]} Bg6
{[%clk 0:10:44]} 35. Bf3 {[%clk 0:01:35]} Rd7 {[%clk 0:07:54]} 36. Bd5 {[%clk
0:01:41]} Re8 {[%clk 0:04:28]} 37. Nb5 {[%clk 0:01:32]} Kxh6 {[%clk 0:02:58]}
38. Rf1 {[%clk 0:00:57]} Kg7 {[%clk 0:02:57]} 39. Kc3 {[%clk 0:01:08]} Ra8
{[%clk 0:01:54]} 40. Rd1 {[%clk 0:01:00]} Rad8 {[%clk 0:00:44]} 41. Nxa3 {[%clk
0:00:34]} Ra8 {[%clk 0:23:30]} 42. Kb2 {[%clk 0:28:50]} Re7 {[%clk 0:22:10]}
43. b4 {[%clk 0:21:14]} Rh8 {[%clk 0:15:39]} 44. Kb3 {[%clk 0:17:11]} Rh2
{[%clk 0:14:59]} 45. Bf3 {[%clk 0:11:15]} Rh3 {[%clk 0:12:55]} 46. Rde1 {[%clk
0:09:44]} Rd7 {[%clk 0:12:18]} 47. Bd5 {[%clk 0:07:34]} Rh2 {[%clk 0:11:13]}
48. R1e2 {[%clk 0:07:09]} Rh4 {[%clk 0:11:02]} 49. Rd2 {[%clk 0:06:29]} Bf5
{[%clk 0:09:46]} 50. Nb5 {[%clk 0:06:25]} Kh6 {[%clk 0:06:18]} 51. Nd4 {[%clk
0:04:36]} Bg6 {[%clk 0:05:32]} 52. Be6 {[%clk 0:03:28]} Rd8 {[%clk 0:03:37]}
53. Nf3 {[%clk 0:02:58]} Nxf3 {[%clk 0:03:04]} 54. Rxf3 {[%clk 0:03:26]} Kg7
{[%clk 0:01:00]} 55. c5 {[%clk 0:02:55]} Be4 {[%clk 0:00:59]} 56. Re3 {[%clk
0:02:50]} d5 {[%clk 0:01:22]} 57. Kc3 {[%clk 0:02:45]} f5 {[%clk 0:01:33]} 58.
Bxf5 {[%clk 0:00:49]} Bxf5 {[%clk 0:01:12]} 59. Re7+ {[%clk 0:01:18]} Kf6
{[%clk 0:01:35]} 60. Rxb7 {[%clk 0:01:42]} Rc4+ {[%clk 0:01:17]} 61. Kb3 {[%clk
0:01:46]} Be6 {[%clk 0:01:11]} 62. Rb6 {[%clk 0:01:49]} Ke7 {[%clk 0:01:03]}
63. Rh2 {[%clk 0:01:34]} Rh4 {[%clk 0:01:16]} 64. Re2 {[%clk 0:01:51]} Re4
{[%clk 0:01:37]} 65. Rh2 {[%clk 0:01:17]} d4+ {[%clk 0:01:54]} 66. Kc2 {[%clk
0:01:27]} d3+ {[%clk 0:02:02]} 67. Kd2 {[%clk 0:01:20]} Bf5 {[%clk 0:02:07]}
68. c6 {[%clk 0:00:41]} Ra8 {[%clk 0:01:15]} 69. Rb7+ {[%clk 0:00:51]} Kd6
{[%clk 0:01:12]} 70. Rh6+ {[%clk 0:01:13]} Ke5 {[%clk 0:01:09]} 71. Re7+ {[%clk
0:01:23]} Kf4 {[%clk 0:01:22]} 72. Rxe4+ {[%clk 0:00:44]} Kxe4 {[%clk 0:01:41]}
73. b5 {[%clk 0:00:34]} Rxa2+ {[%clk 0:02:02]} 74. Kd1 {[%clk 0:00:42]} Ke3
{[%clk 0:02:01]} 75. Kc1 {[%clk 0:00:44]} d2+ {[%clk 0:02:22]} 76. Kd1 {[%clk
0:00:57]} Ra1# {[%clk 0:02:42]} 0-1

[Event "DEM U16w 2021"]
[Site "Willingen GER"]
[Date "2021.08.28"]
[Round "8"]
[White "Werner, Rosalie"]
[Black "Margaryan, Susanna"]
[Result "1/2-1/2"]
[Termination "normal"]
[Board "8"]
[WhiteElo "1741"]
[BlackElo "1494"]
[WhiteClock "00:18:11"]
[BlackClock "00:55:13"]
[PlyCount "57"]
[WhiteFideId "16223748"]
[BlackFideId "16268210"]
[EventCountry "GER"]
[EventRounds "9"]
[EventType "swiss"]
[EventDate "2021.08.22"]

1. e4 {[%clk 1:30:57]} c6 {[%clk 1:30:46]} 2. d4 {[%clk 1:31:15]} d5 {[%clk
1:30:54]} 3. Nd2 {[%clk 1:31:40]} dxe4 {[%clk 1:31:16]} 4. Nxe4 {[%clk
1:32:04]} Nf6 {[%clk 1:31:17]} 5. Nxf6+ {[%clk 1:32:26]} gxf6 {[%clk 1:31:36]}
6. Nf3 {[%clk 1:31:35]} Bg4 {[%clk 1:31:21]} 7. c3 {[%clk 1:24:13]} e6 {[%clk
1:30:10]} 8. Qe2 {[%clk 1:19:09]} Bd6 {[%clk 1:28:48]} 9. g3 {[%clk 1:14:28]}
Nd7 {[%clk 1:27:28]} 10. Bg2 {[%clk 1:12:26]} Qc7 {[%clk 1:27:26]} 11. h3
{[%clk 1:03:43]} Bh5 {[%clk 1:23:05]} 12. g4 {[%clk 1:00:35]} Bg6 {[%clk
1:23:02]} 13. Nh4 {[%clk 0:59:37]} O-O-O {[%clk 1:22:15]} 14. Be3 {[%clk
0:49:58]} Kb8 {[%clk 1:18:45]} 15. b4 {[%clk 0:45:43]} h5 {[%clk 1:13:57]} 16.
Nxg6 {[%clk 0:43:30]} fxg6 {[%clk 1:14:18]} 17. O-O-O {[%clk 0:38:54]} Nb6
{[%clk 1:09:32]} 18. Kc2 {[%clk 0:35:56]} Nd5 {[%clk 1:07:55]} 19. Kb3 {[%clk
0:33:26]} a5 {[%clk 1:05:53]} 20. Bxd5 {[%clk 0:29:15]} exd5 {[%clk 1:03:31]}
21. a4 {[%clk 0:24:28]} axb4 {[%clk 1:02:48]} 22. cxb4 {[%clk 0:24:45]} Rde8
{[%clk 1:01:59]} 23. Qd2 {[%clk 0:23:50]} Re4 {[%clk 1:00:45]} 24. f3 {[%clk
0:22:23]} Re6 {[%clk 0:59:51]} 25. Rde1 {[%clk 0:20:35]} Rhe8 {[%clk 0:58:32]}
26. Bf2 {[%clk 0:19:54]} Rxe1 {[%clk 0:55:26]} 27. Rxe1 {[%clk 0:20:15]} Rxe1
{[%clk 0:55:41]} 28. Qxe1 {[%clk 0:19:20]} Qe7 {[%clk 0:55:13]} 29. Qxe7 {[%clk
0:18:11]} 1/2-1/2

[Event "DEM U16w 2021"]
[Site "Willingen GER"]
[Date "2021.08.28"]
[Round "8"]
[White "Derling, Charlotte"]
[Black "Zöllner, Bente"]
[Result "1/2-1/2"]
[Termination "normal"]
[Board "9"]
[WhiteElo "1432"]
[BlackElo "1620"]
[WhiteClock "00:10:01"]
[BlackClock "00:28:33"]
[PlyCount "84"]
[WhiteFideId "16222237"]
[BlackFideId "16230523"]
[EventCountry "GER"]
[EventRounds "9"]
[EventType "swiss"]
[EventDate "2021.08.22"]

1. e4 {[%clk 1:30:56]} c5 {[%clk 1:30:49]} 2. Nf3 {[%clk 1:31:12]} Nc6 {[%clk
1:31:08]} 3. d4 {[%clk 1:31:26]} cxd4 {[%clk 1:31:29]} 4. Nxd4 {[%clk 1:31:42]}
g6 {[%clk 1:31:47]} 5. Nc3 {[%clk 1:31:11]} Bg7 {[%clk 1:31:52]} 6. Be3 {[%clk
1:31:15]} Nf6 {[%clk 1:31:54]} 7. Bc4 {[%clk 1:29:20]} O-O {[%clk 1:30:36]} 8.
Bb3 {[%clk 1:28:56]} d5 {[%clk 1:28:42]} 9. exd5 {[%clk 1:19:41]} Na5 {[%clk
1:28:20]} 10. h3 {[%clk 1:11:07]} Nxb3 {[%clk 1:27:21]} 11. Nxb3 {[%clk
1:08:40]} b6 {[%clk 1:25:22]} 12. Qd2 {[%clk 1:01:49]} Ba6 {[%clk 1:21:14]} 13.
O-O-O {[%clk 0:45:52]} Bb7 {[%clk 1:14:00]} 14. f3 {[%clk 0:42:26]} Qd7 {[%clk
1:11:37]} 15. d6 {[%clk 0:39:11]} Rad8 {[%clk 1:09:20]} 16. dxe7 {[%clk
0:35:15]} Qxe7 {[%clk 1:09:27]} 17. Qf2 {[%clk 0:35:15]} Rxd1+ {[%clk 1:08:39]}
18. Rxd1 {[%clk 0:35:22]} Re8 {[%clk 1:07:44]} 19. Bg5 {[%clk 0:30:04]} h6
{[%clk 1:04:30]} 20. Bf4 {[%clk 0:27:39]} Nh5 {[%clk 0:57:34]} 21. Bd2 {[%clk
0:23:46]} Qf6 {[%clk 0:51:39]} 22. Be3 {[%clk 0:22:04]} Nf4 {[%clk 0:39:17]}
23. Bxf4 {[%clk 0:17:08]} Qxf4+ {[%clk 0:39:12]} 24. Qd2 {[%clk 0:15:09]} Qe5
{[%clk 0:35:49]} 25. Kb1 {[%clk 0:10:23]} a6 {[%clk 0:27:23]} 26. a3 {[%clk
0:06:21]} a5 {[%clk 0:20:39]} 27. Qd6 {[%clk 0:03:07]} Qxd6 {[%clk 0:15:12]}
28. Rxd6 {[%clk 0:03:29]} Bxc3 {[%clk 0:15:13]} 29. bxc3 {[%clk 0:03:31]} Re6
{[%clk 0:13:49]} 30. Rxe6 {[%clk 0:02:53]} fxe6 {[%clk 0:14:14]} 31. Kb2 {[%clk
0:02:46]} a4 {[%clk 0:13:38]} 32. Nd2 {[%clk 0:02:44]} Kf7 {[%clk 0:13:02]} 33.
c4 {[%clk 0:02:15]} Kf6 {[%clk 0:12:30]} 34. Kc3 {[%clk 0:02:26]} Ke5 {[%clk
0:11:26]} 35. g3 {[%clk 0:02:17]} g5 {[%clk 0:10:50]} 36. Kd3 {[%clk 0:02:08]}
Bc6 {[%clk 0:09:52]} 37. Ne4 {[%clk 0:02:05]} Bxe4+ {[%clk 0:04:02]} 38. fxe4
{[%clk 0:02:19]} h5 {[%clk 0:02:10]} 39. Ke3 {[%clk 0:01:48]} h4 {[%clk
0:01:45]} 40. gxh4 {[%clk 0:01:49]} gxh4 {[%clk 0:02:10]} 41. c3 {[%clk
0:15:28]} Kd6 {[%clk 0:31:05]} 42. Kd3 {[%clk 0:10:01]} e5 {[%clk 0:28:33]}
1/2-1/2

[Event "DEM U16w 2021"]
[Site "Willingen GER"]
[Date "2021.08.28"]
[Round "8"]
[White "Jacobasch, Ronja"]
[Black "Hafermann, Lara"]
[Result "1-0"]
[Termination "normal"]
[Board "10"]
[WhiteElo "1421"]
[BlackElo "1349"]
[WhiteClock "00:21:32"]
[BlackClock "00:30:00"]
[PlyCount "141"]
[WhiteFideId "34604340"]
[BlackFideId "16298306"]
[EventCountry "GER"]
[EventRounds "9"]
[EventType "swiss"]
[EventDate "2021.08.22"]

1. Nf3 {[%clk 1:30:58]} d5 {[%clk 1:30:51]} 2. g3 {[%clk 1:31:21]} c5 {[%clk
1:31:12]} 3. Bg2 {[%clk 1:31:38]} Nc6 {[%clk 1:31:33]} 4. d4 {[%clk 1:19:15]}
e6 {[%clk 1:30:04]} 5. O-O {[%clk 1:18:16]} Bd6 {[%clk 1:26:43]} 6. e3 {[%clk
1:12:28]} Nge7 {[%clk 1:22:34]} 7. b3 {[%clk 1:09:36]} f6 {[%clk 1:03:12]} 8.
Bb2 {[%clk 1:03:14]} h5 {[%clk 0:52:10]} 9. Nbd2 {[%clk 0:57:34]} Nf5 {[%clk
0:48:34]} 10. dxc5 {[%clk 0:53:45]} Bxc5 {[%clk 0:48:37]} 11. e4 {[%clk
0:52:16]} dxe4 {[%clk 0:45:24]} 12. Nxe4 {[%clk 0:51:30]} Qxd1 {[%clk 0:44:37]}
13. Raxd1 {[%clk 0:50:54]} Be7 {[%clk 0:44:41]} 14. Rd2 {[%clk 0:45:54]} Kf7
{[%clk 0:40:05]} 15. Rfd1 {[%clk 0:44:14]} Rd8 {[%clk 0:35:23]} 16. Rxd8 {[%clk
0:41:24]} Nxd8 {[%clk 0:34:17]} 17. Nd4 {[%clk 0:35:15]} Nxd4 {[%clk 0:29:40]}
18. Rxd4 {[%clk 0:33:05]} e5 {[%clk 0:27:48]} 19. Rd2 {[%clk 0:30:57]} Ke6
{[%clk 0:26:01]} 20. Nc3 {[%clk 0:27:00]} Rb8 {[%clk 0:17:27]} 21. Nd5 {[%clk
0:21:29]} Bd6 {[%clk 0:15:08]} 22. Ne3 {[%clk 0:18:46]} g6 {[%clk 0:08:59]} 23.
Be4 {[%clk 0:12:48]} f5 {[%clk 0:06:51]} 24. Nc4 {[%clk 0:06:42]} Bc7 {[%clk
0:05:55]} 25. Bd5+ {[%clk 0:06:17]} Kf6 {[%clk 0:06:06]} 26. Re2 {[%clk
0:05:56]} Nf7 {[%clk 0:04:31]} 27. Bxf7 {[%clk 0:06:15]} Kxf7 {[%clk 0:04:57]}
28. Bxe5 {[%clk 0:06:15]} Bxe5 {[%clk 0:05:16]} 29. Nxe5+ {[%clk 0:06:38]} Kf6
{[%clk 0:05:23]} 30. Nc4 {[%clk 0:06:25]} Bd7 {[%clk 0:04:42]} 31. Rd2 {[%clk
0:05:41]} Bc6 {[%clk 0:04:39]} 32. Rd6+ {[%clk 0:05:03]} Kg7 {[%clk 0:04:12]}
33. Ne5 {[%clk 0:03:52]} Be8 {[%clk 0:04:26]} 34. c4 {[%clk 0:03:24]} b6 {[%clk
0:04:04]} 35. Kg2 {[%clk 0:02:24]} Rb7 {[%clk 0:04:21]} 36. Re6 {[%clk
0:02:09]} Bf7 {[%clk 0:04:09]} 37. Nxf7 {[%clk 0:02:37]} Rxf7 {[%clk 0:04:32]}
38. Kf3 {[%clk 0:02:29]} Rd7 {[%clk 0:04:32]} 39. Re5 {[%clk 0:02:13]} Kf6
{[%clk 0:03:59]} 40. Re2 {[%clk 0:01:59]} Rd3+ {[%clk 0:03:55]} 41. Re3 {[%clk
0:01:21]} Rd2 {[%clk 0:01:33]} 42. Re2 {[%clk 0:30:30]} Rd3+ {[%clk 0:31:47]}
43. Kg2 {[%clk 0:29:45]} a5 {[%clk 0:30:21]} 44. Rc2 {[%clk 0:26:14]} Rd6
{[%clk 0:29:59]} 45. Rc3 {[%clk 0:23:57]} Rd2 {[%clk 0:29:58]} 46. a3 {[%clk
0:23:47]} Rd6 {[%clk 0:28:35]} 47. b4 {[%clk 0:19:56]} axb4 {[%clk 0:27:17]}
48. axb4 {[%clk 0:20:18]} Rc6 {[%clk 0:27:35]} 49. c5 {[%clk 0:19:20]} bxc5
{[%clk 0:27:05]} 50. Rxc5 {[%clk 0:19:15]} Rxc5 {[%clk 0:27:06]} 51. bxc5
{[%clk 0:19:44]} g5 {[%clk 0:26:30]} 52. Kf3 {[%clk 0:19:31]} Ke5 {[%clk
0:25:56]} 53. h4 {[%clk 0:18:45]} gxh4 {[%clk 0:25:11]} 54. gxh4 {[%clk
0:19:04]} Kd5 {[%clk 0:25:37]} 55. Kf4 {[%clk 0:19:23]} Kxc5 {[%clk 0:26:01]}
56. Kxf5 {[%clk 0:19:48]} Kd5 {[%clk 0:26:18]} 57. Kg5 {[%clk 0:19:59]} Ke5
{[%clk 0:26:39]} 58. f3 {[%clk 0:19:12]} Ke6 {[%clk 0:27:00]} 59. f4 {[%clk
0:19:27]} Kf7 {[%clk 0:27:17]} 60. f5 {[%clk 0:19:21]} Kg7 {[%clk 0:27:22]} 61.
Kxh5 {[%clk 0:19:30]} Kf6 {[%clk 0:27:32]} 62. Kg4 {[%clk 0:19:52]} Kg7 {[%clk
0:27:52]} 63. Kg5 {[%clk 0:20:14]} Kf7 {[%clk 0:28:13]} 64. h5 {[%clk 0:20:39]}
Kg7 {[%clk 0:28:34]} 65. h6+ {[%clk 0:20:32]} Kf7 {[%clk 0:28:58]} 66. f6
{[%clk 0:20:51]} Kg8 {[%clk 0:29:16]} 67. Kg6 {[%clk 0:20:32]} Kh8 {[%clk
0:29:35]} 68. Kf5 {[%clk 0:20:55]} Kg8 {[%clk 0:29:40]} 69. Ke6 {[%clk
0:21:17]} Kf8 {[%clk 0:29:44]} 70. h7 {[%clk 0:21:32]} Ke8 {[%clk 0:30:00]} 71.
h8=Q# 1-0

[Event "DEM U16w 2021"]
[Site "Willingen GER"]
[Date "2021.08.28"]
[Round "8"]
[White "Wörz, Ann-Sophie"]
[Black "Krause, Ricarda Sophie"]
[Result "1-0"]
[Termination "normal"]
[Board "11"]
[WhiteElo "1563"]
[BlackElo "1474"]
[WhiteClock "00:30:53"]
[BlackClock "00:28:55"]
[PlyCount "83"]
[WhiteFideId "16265890"]
[BlackFideId "16282930"]
[EventCountry "GER"]
[EventRounds "9"]
[EventType "swiss"]
[EventDate "2021.08.22"]

1. c4 {[%clk 1:30:59]} e6 {[%clk 1:30:53]} 2. g3 {[%clk 1:31:23]} d5 {[%clk
1:31:14]} 3. Bg2 {[%clk 1:31:30]} Nf6 {[%clk 1:31:08]} 4. Nf3 {[%clk 1:29:26]}
Be7 {[%clk 1:29:13]} 5. O-O {[%clk 1:29:01]} O-O {[%clk 1:27:30]} 6. d4 {[%clk
1:26:56]} c5 {[%clk 1:24:48]} 7. cxd5 {[%clk 1:26:40]} exd5 {[%clk 1:22:58]} 8.
Nc3 {[%clk 1:22:00]} Nc6 {[%clk 1:19:52]} 9. b3 {[%clk 1:19:07]} b6 {[%clk
1:11:02]} 10. Bb2 {[%clk 1:18:01]} Bb7 {[%clk 1:05:43]} 11. Rc1 {[%clk
1:15:45]} Re8 {[%clk 0:46:45]} 12. e3 {[%clk 1:03:49]} Ne4 {[%clk 0:30:30]} 13.
Ne2 {[%clk 0:36:51]} Ba6 {[%clk 0:22:53]} 14. a3 {[%clk 0:35:33]} Rc8 {[%clk
0:22:07]} 15. Re1 {[%clk 0:34:54]} Bf6 {[%clk 0:19:35]} 16. Nf4 {[%clk
0:29:00]} cxd4 {[%clk 0:17:31]} 17. Nxd4 {[%clk 0:27:46]} Nxd4 {[%clk 0:16:50]}
18. Rxc8 {[%clk 0:25:03]} Qxc8 {[%clk 0:15:51]} 19. Bxd4 {[%clk 0:25:11]} Nc3
{[%clk 0:14:27]} 20. Qd2 {[%clk 0:24:47]} Bxd4 {[%clk 0:13:55]} 21. Qxd4 {[%clk
0:24:38]} Nb5 {[%clk 0:11:21]} 22. Qb2 {[%clk 0:20:58]} d4 {[%clk 0:09:30]} 23.
Rc1 {[%clk 0:17:54]} Qd8 {[%clk 0:09:27]} 24. Rd1 {[%clk 0:15:20]} Qe7 {[%clk
0:05:39]} 25. Bc6 {[%clk 0:11:35]} Rd8 {[%clk 0:03:30]} 26. Bxb5 {[%clk
0:08:59]} Bxb5 27. a4 {[%clk 0:08:26]} Bc6 {[%clk 0:04:01]} 28. Rxd4 {[%clk
0:08:28]} Rxd4 {[%clk 0:04:04]} 29. Qxd4 {[%clk 0:08:57]} g6 {[%clk 0:03:26]}
30. Nd5 {[%clk 0:08:17]} Bxd5 {[%clk 0:03:25]} 31. Qxd5 {[%clk 0:08:46]} Qc5
{[%clk 0:03:37]} 32. Qxc5 {[%clk 0:07:11]} bxc5 33. e4 {[%clk 0:06:11]} Kg7
{[%clk 0:04:27]} 34. Kf1 {[%clk 0:06:22]} Kf6 {[%clk 0:04:41]} 35. f4 {[%clk
0:06:40]} Ke6 {[%clk 0:04:41]} 36. Ke2 {[%clk 0:06:31]} Kd6 {[%clk 0:04:21]}
37. Kd3 {[%clk 0:06:30]} Kc6 {[%clk 0:04:12]} 38. Kc4 {[%clk 0:06:38]} a6
{[%clk 0:03:46]} 39. g4 {[%clk 0:05:40]} f6 {[%clk 0:02:00]} 40. e5 {[%clk
0:03:16]} f5 {[%clk 0:00:38]} 41. g5 {[%clk 0:03:31]} a5 {[%clk 0:28:55]} 42.
h3 {[%clk 0:30:53]} 1-0

[Event "DEM U16w 2021"]
[Site "Willingen GER"]
[Date "2021.08.29"]
[Round "9"]
[White "Buchholz, Maja"]
[Black "Doll, Rebecca"]
[Result "0-1"]
[Termination "normal"]
[Board "1"]
[WhiteElo "1720"]
[BlackElo "1803"]
[WhiteClock "00:31:59"]
[BlackClock "00:25:09"]
[PlyCount "96"]
[WhiteFideId "16200500"]
[BlackFideId "16236890"]
[EventCountry "GER"]
[EventRounds "9"]
[EventType "swiss"]
[EventDate "2021.08.22"]

1. e4 {[%clk 1:30:59]} e5 {[%clk 1:30:48]} 2. Nf3 {[%clk 1:31:22]} Nc6 {[%clk
1:31:14]} 3. Bc4 {[%clk 1:31:45]} Bc5 {[%clk 1:31:26]} 4. c3 {[%clk 1:32:08]}
Nf6 {[%clk 1:31:39]} 5. d4 {[%clk 1:32:22]} exd4 {[%clk 1:31:56]} 6. b4 {[%clk
1:32:42]} Be7 {[%clk 1:32:17]} 7. e5 {[%clk 1:33:02]} Ne4 {[%clk 1:27:05]} 8.
b5 {[%clk 1:31:27]} Na5 {[%clk 1:19:13]} 9. Bd3 {[%clk 1:31:41]} Nc5 {[%clk
1:13:27]} 10. cxd4 {[%clk 1:30:52]} Nxd3+ {[%clk 1:13:47]} 11. Qxd3 {[%clk
1:31:08]} d6 {[%clk 1:07:14]} 12. Bd2 {[%clk 1:27:42]} b6 {[%clk 1:00:46]} 13.
exd6 {[%clk 1:23:38]} Qxd6 {[%clk 0:59:42]} 14. O-O {[%clk 1:22:57]} O-O {[%clk
0:54:48]} 15. Nc3 {[%clk 1:21:27]} Bb7 {[%clk 0:52:51]} 16. Ne4 Qg6 {[%clk
0:47:55]} 17. Rfe1 {[%clk 1:17:20]} Rfe8 {[%clk 0:42:37]} 18. Ne5 {[%clk
1:03:14]} Bxe4 {[%clk 0:42:18]} 19. Rxe4 {[%clk 0:58:51]} Qd6 {[%clk 0:38:23]}
20. Rae1 {[%clk 0:44:57]} Qa3 {[%clk 0:19:55]} 21. Qb1 {[%clk 0:34:11]} f6
{[%clk 0:15:46]} 22. Bxa5 {[%clk 0:18:34]} fxe5 {[%clk 0:15:41]} 23. Bd2 {[%clk
0:18:16]} Red8 {[%clk 0:08:52]} 24. R1e3 {[%clk 0:09:15]} Qd6 {[%clk 0:07:58]}
25. Qb3+ {[%clk 0:08:07]} Kh8 {[%clk 0:08:09]} 26. Rxe5 {[%clk 0:04:06]} Bf6
{[%clk 0:04:25]} 27. R5e4 {[%clk 0:02:54]} Bxd4 {[%clk 0:04:47]} 28. Bb4 {[%clk
0:02:56]} c5 {[%clk 0:03:20]} 29. bxc6 {[%clk 0:02:47]} Qxc6 {[%clk 0:03:46]}
30. Re1 {[%clk 0:01:53]} Qf6 {[%clk 0:02:38]} 31. R4e2 {[%clk 0:01:32]} Rdc8
{[%clk 0:02:22]} 32. Be7 {[%clk 0:01:38]} Qf5 {[%clk 0:02:02]} 33. Bb4 {[%clk
0:01:17]} h6 {[%clk 0:02:08]} 34. Bd2 {[%clk 0:01:07]} Kh7 {[%clk 0:01:53]} 35.
Be3 {[%clk 0:01:05]} Bxe3 {[%clk 0:01:38]} 36. Rxe3 {[%clk 0:01:21]} Qc2 {[%clk
0:01:23]} 37. Qf7 {[%clk 0:01:26]} Rf8 {[%clk 0:01:46]} 38. Re7 {[%clk
0:00:38]} Rxf7 {[%clk 0:02:00]} 39. Rxf7 {[%clk 0:01:04]} Qd2 {[%clk 0:01:43]}
40. Rfe7 {[%clk 0:01:19]} Qxa2 {[%clk 0:01:49]} 41. h3 {[%clk 0:01:27]} b5
{[%clk 0:00:51]} 42. Rb7 {[%clk 0:01:30]} Qb2 {[%clk 0:26:20]} 43. Ree7 {[%clk
0:30:33]} a5 {[%clk 0:25:16]} 44. Rf7 {[%clk 0:30:41]} a4 {[%clk 0:24:19]} 45.
f4 {[%clk 0:31:02]} a3 {[%clk 0:24:24]} 46. f5 {[%clk 0:31:09]} a2 {[%clk
0:24:27]} 47. f6 {[%clk 0:31:32]} a1=Q+ {[%clk 0:24:50]} 48. Kh2 {[%clk
0:31:59]} Qe5+ {[%clk 0:25:09]} 0-1